| 000 | 00676nam a22002417a 4500 | ||
|---|---|---|---|
| 005 | 20170124105922.0 | ||
| 010 | _aA-820736 | ||
| 020 | _c00.00 | ||
| 035 | _aA-820736 | ||
| 037 | _bCen Lib/Ret | ||
| 040 |
_aDPL _bEN |
||
| 082 |
_a332.1 _bGOR |
||
| 100 |
_aGordon, E. _972162 |
||
| 245 |
_aBanking : _cby E. Gordon [and] K. Natarajan _btheory, law and practice / |
||
| 250 | _a11th rev ed. | ||
| 260 |
_aMumbai _bHimalaya publishing house _c1992 |
||
| 270 |
_aGirgaon _bMumbai _e400004 |
||
| 300 |
_a474p. _c21cm(Hb) |
||
| 650 |
_aEconomics _972163 |
||
| 650 |
_aBanking _972164 |
||
| 700 |
_aNatarajan, K _99743 |
||
| 942 |
_2ddc _cEN _h332.1 _mGOR |
||
| 999 |
_c123205 _d123205 |
||